[Event "Titled Tuesday intern op 30th Apr Early"]
[Site "Chess.com INT"]
[Date "2024.04.30"]
[Round "6"]
[White "Valle Luis, Leo"]
[Black "Bashirov, Kemal"]
[Result "0-1"]
[WhiteElo "2235"]
[BlackElo "2386"]
[PlyCount "114"]
[EventDate "2024.04.30"]
[EventType "swiss (blitz)"]
[EventRounds "11"]
[EventCountry "USA"]
[SourceTitle "CB19_2024"]
[SourceDate "2024.05.08"]
[SourceVersion "1"]
[SourceVersionDate "2024.05.08"]
[SourceQuality "1"]

1. e4 c5 2. Nf3 d6 3. d4 cxd4 4. Nxd4 Nf6 5. Nc3 a6 6. Bg5 Nbd7 7. f4 e6 8. Qf3 Be7 9. 0-0-0 Qc7 10. g4 b5 11. a3 Bb7 12. Bxf6 Nxf6 13. g5 Nd7 14. f5 e5 15. Ndxb5 axb5 16. Nxb5 Qb6 17. f6 gxf6 18. gxf6 Bf8 19. Bc4 Rc8 20. Bxf7+ Kd8 21. Nc3 Bh6+ 22. Kb1 Rf8 23. Bd5 Rxf6 24. Qh3 Rb8 25. Bb3 Ke7 26. Rhf1 Rbf8 27. Rxf6 Rxf6 28. Bd5 Rg6 29. Bxb7 Qxb7 30. Nd5+ Kd8 31. Qf5 Nc5 32. Nf6 Qe7 33. Nxh7 Rg7 34. Nf8 Rf7 35. Qg6 Bxf8 36. h4 Rf6 37. Qg4 Rf4 38. Qg6 Rxh4 39. b4 Nxe4 40. Qf5 Nc3+ 41. Kb2 Nxd1+ 42. Kc1 Rf4 43. Qh3 Nf2 44. Qg2 Ne4 45. Qe2 Qg5 46. Kb2 Rf2 47. Qb5 Qf6 48. Qb8+ Ke7 49. Qc7+ Ke6 50. Qc8+ Kd5 51. Qb7+ Kd4 52. Qb6+ Nc5 53. bxc5 dxc5 54. Qb8 Qd6 55. Qa8 Ke3 56. Qg2 Rxg2 57. Kb3 Qd5+ 0-1

[Event "Titled Tuesday intern op 16th Apr Early"]
[Site "Chess.com INT"]
[Date "2024.04.16"]
[Round "2"]
[White "Schut, Han"]
[Black "Valle Luis, Leo"]
[Result "1-0"]
[WhiteElo "2091"]
[BlackElo "2235"]
[PlyCount "67"]
[EventDate "2024.04.16"]
[EventType "swiss (blitz)"]
[EventRounds "11"]
[EventCountry "USA"]
[SourceTitle "CB17_2024"]
[SourceDate "2024.04.24"]
[SourceVersion "1"]
[SourceVersionDate "2024.04.24"]
[SourceQuality "1"]

1. e4 c6 2. d4 d5 3. e5 Bf5 4. h4 h5 5. Bg5 Qb6 6. Bd3 Bxd3 7. Qxd3 e6 8. Nd2 Nd7 9. c4 Qa6 10. b3 Bb4 11. Ngf3 Nh6 12. 0-0 Nf5 13. Rfc1 0-0 14. Nf1 Rac8 15. Ne3 Nxe3 16. Qxe3 Ba3 17. Rc2 dxc4 18. bxc4 Nb6 19. Bf6 Rfe8 20. Bxg7 Kxg7 21. Qg5+ Kf8 22. Qf6 Nd7 23. Qh6+ Ke7 24. Qg5+ f6 25. exf6+ Kd8 26. f7+ Re7 27. Ne5 Kc7 28. c5 Rxf7 29. Nxf7 Qd3 30. Qf4+ e5 31. dxe5 Rf8 32. e6+ Kc8 33. Rd2 Qc3 34. exd7# 1-0

[Event "Titled Tuesday intern op 13th Feb Early"]
[Site "Chess.com INT"]
[Date "2024.02.13"]
[Round "4"]
[White "Levitan, Caleb Levi"]
[Black "Valle Luis, Leo"]
[Result "0-1"]
[WhiteElo "2265"]
[BlackElo "2252"]
[PlyCount "170"]
[EventDate "2024.02.13"]
[EventType "swiss (blitz)"]
[EventRounds "11"]
[EventCountry "USA"]
[SourceTitle "CB08_2024"]
[SourceDate "2024.02.21"]
[SourceVersion "1"]
[SourceVersionDate "2024.02.21"]
[SourceQuality "1"]

1. d4 d5 2. Bf4 e6 3. e3 Bd6 4. Bg3 Nf6 5. c4 0-0 6. Nc3 Nbd7 7. Bxd6 cxd6 8. cxd5 Nxd5 9. Nxd5 exd5 10. Bd3 Nf6 11. Ne2 Bg4 12. 0-0 Qb6 13. Qb3 Qxb3 14. axb3 Rfc8 15. Nc3 Kf8 16. Nb5 Ke7 17. Rxa7 Rxa7 18. Nxa7 Ra8 19. Nb5 Ra2 20. Rb1 Bd7 21. Nc3 Ra8 22. Kf1 g6 23. Ke2 h5 24. Kd2 Be6 25. Rc1 Bd7 26. f3 h4 27. Bb5 Be6 28. Na4 Kd8 29. Bf1 Nd7 30. g3 hxg3 31. hxg3 Nf6 32. Be2 Nh5 33. g4 Nf6 34. Rh1 Ke7 35. Rc1 Kd8 36. Bd3 Ne8 37. Bb5 Nc7 38. Bd3 Ne8 39. Rg1 Ke7 40. f4 Nf6 41. f5 gxf5 42. gxf5 Bd7 43. Nc3 Rh8 44. Rg2 Rh5 45. Rf2 Rh3 46. b4 Ng4 47. Nxd5+ Kf8 48. Rg2 Nh6 49. Nf6 Bc6 50. e4 Ke7 51. Ng4 Nxg4 52. Rxg4 Rh2+ 53. Kc3 Kf6 54. Rg8 b5 55. Rc8 Bd7 56. Rc7 Be8 57. Rb7 Rh3 58. Rb6 Ke7 59. e5 dxe5 60. dxe5 Bd7 61. Rb7 Kd8 62. f6 Bf5 63. Rxf7 Rxd3+ 64. Kc2 Rd7+ 65. Kc3 Rxf7 66. b3 Be6 67. Kb2 Kc7 68. Ka3 Kc6 69. Ka2 Kd5 70. Ka3 Kxe5 71. Kb2 Rxf6 72. Ka3 Rf3 73. Kb2 Kd4 74. Ka3 Rxb3+ 75. Ka2 Rxb4+ 76. Ka3 Rc4 77. Kb2 Kc5 78. Ka3 Bf5 79. Kb2 b4 80. Kb3 Rc3+ 81. Kb2 Kc4 82. Ka2 Rc2+ 83. Ka1 b3 84. Kb1 Bd3 85. Ka1 Ra2# 0-1

[Event "Titled Tuesday intern op 06th Feb Early"]
[Site "Chess.com INT"]
[Date "2024.02.06"]
[Round "8"]
[White "Valle Luis, Leo"]
[Black "Gomez Falagan, Daniel"]
[Result "1-0"]
[WhiteElo "2252"]
[BlackElo "2298"]
[PlyCount "127"]
[EventDate "2024.02.06"]
[EventType "swiss (blitz)"]
[EventRounds "11"]
[EventCountry "USA"]
[SourceTitle "CB07_2024"]
[SourceDate "2024.02.14"]
[SourceVersion "1"]
[SourceVersionDate "2024.02.14"]
[SourceQuality "1"]

1. e4 c6 2. d4 d5 3. e5 c5 4. dxc5 e6 5. a3 Bxc5 6. b4 Bb6 7. Qg4 Ne7 8. Bd3 0-0 9. Nf3 f6 10. 0-0 Nbc6 11. Bb2 Rf7 12. exf6 e5 13. Bxh7+ Kxh7 14. Qh5+ Kg8 15. fxe7 Qxe7 16. Ng5 g6 17. Qh6 Bf5 18. Nxf7 Qxf7 19. Nc3 d4 20. Na4 Bxc2 21. Nxb6 axb6 22. Rac1 Bd3 23. Rfd1 Rf8 24. Qh4 Bf5 25. Qg3 Qd5 26. Re1 d3 27. Rcd1 e4 28. Qh4 Nd4 29. Rxd3 exd3 30. Bxd4 Be4 31. Qh8+ Kf7 32. Qf6+ Ke8 33. Qxg6+ Kd8 34. Bf6+ Kc8 35. Qg7 Kb8 36. Qxf8+ Ka7 37. Bg5 d2 38. Bxd2 Qxd2 39. Rf1 Qg5 40. f3 Qe3+ 41. Kh1 Bd3 42. Rg1 Be2 43. Qf5 Bd3 44. Qg4 Qf2 45. Qg3 Qe3 46. f4 Qe4 47. Re1 Qd5 48. h3 Bb5 49. Kh2 Bc6 50. Re2 Qb5 51. Rf2 Qf5 52. Qe3 Qg6 53. f5 Qf6 54. Qg3 b5 55. Qf4 Bd5 56. Qe3+ Ka6 57. Qf4 Bc6 58. Rd2 Qc3 59. f6 Be8 60. Rd6+ Ka7 61. Qg3 Qc7 62. Ra6+ Kxa6 63. Qxc7 Bc6 64. Qa5# 1-0

[Event "Titled Tuesday intern op 16th Jan Early"]
[Site "Chess.com INT"]
[Date "2024.01.16"]
[Round "2"]
[White "Seo, Jung Min"]
[Black "Valle Luis, Leo"]
[Result "1-0"]
[WhiteElo "2481"]
[BlackElo "2257"]
[PlyCount "95"]
[EventDate "2024.01.16"]
[EventType "swiss (blitz)"]
[EventRounds "11"]
[EventCountry "USA"]
[SourceTitle "CB04_2024"]
[SourceDate "2023.10.16"]
[SourceVersion "1"]
[SourceVersionDate "2023.10.16"]
[SourceQuality "1"]

1. e4 c6 2. d4 d5 3. Nd2 dxe4 4. Nxe4 Nf6 5. Nxf6+ exf6 6. Be3 Bd6 7. Bd3 0-0 8. Ne2 Re8 9. 0-0 Nd7 10. c4 Nf8 11. Qc2 Be6 12. Rad1 Rc8 13. b3 Qd7 14. Nc3 Bb8 15. Ne4 Bg4 16. Rc1 Qc7 17. g3 f5 18. Nc3 Qd7 19. d5 f4 20. Bd2 fxg3 21. hxg3 Ng6 22. Rfe1 Ne5 23. Bxh7+ Kh8 24. Be4 Nf3+ 25. Kg2 Nxe1+ 26. Rxe1 f5 27. Rh1+ Kg8 28. Bd3 Be5 29. f3 Bxc3 30. Bxc3 cxd5 31. fxg4 dxc4 32. Bxc4+ Rxc4 33. bxc4 Qc6+ 34. Kh2 Qf3 35. Re1 Rxe1 36. Bxe1 Qxg4 37. Qd3 f4 38. Qd8+ Kf7 39. Qc7+ Kg6 40. Qxf4 Qe2+ 41. Bf2 Qxa2 42. Qe4+ Kf7 43. Kg2 Kg8 44. c5 Qa6 45. Qd5+ Kh7 46. g4 Kg6 47. Qf5+ Kh6 48. Be3+ 1-0

[Event "Titled Tuesday intern op 09th Jan Early"]
[Site "Chess.com INT"]
[Date "2024.01.09"]
[Round "4"]
[White "Valle Luis, Leo"]
[Black "Mayaud, Raphael"]
[Result "1-0"]
[WhiteElo "2257"]
[BlackElo "2155"]
[PlyCount "91"]
[EventDate "2024.01.09"]
[EventType "swiss (blitz)"]
[EventRounds "11"]
[EventCountry "USA"]
[SourceTitle "CB03_2024"]
[SourceDate "2024.01.17"]
[SourceVersion "1"]
[SourceVersionDate "2024.01.17"]
[SourceQuality "1"]

1. e4 d5 2. exd5 Qxd5 3. Nc3 Qa5 4. Nf3 c6 5. Bc4 Nf6 6. d3 Bg4 7. h3 Bh5 8. Qe2 e6 9. Bd2 Qc7 10. g4 Bg6 11. Ne5 Nbd7 12. Nxd7 Qxd7 13. 0-0-0 0-0-0 14. f4 Bc5 15. Rdf1 Rhe8 16. Ne4 Bxe4 17. dxe4 Qd4 18. Bd3 Qd7 19. g5 Ng8 20. Bc3 g6 21. Rd1 Qc7 22. Rhf1 Be7 23. Kb1 Kb8 24. h4 Rd7 25. Rde1 Bd6 26. Qf3 Ne7 27. Qf2 Qb6 28. Bd4 c5 29. Bc3 Nc6 30. f5 exf5 31. exf5 Rde7 32. Rxe7 Rxe7 33. fxg6 hxg6 34. Bc4 Ne5 35. Bd5 Qc7 36. Rd1 a6 37. a3 Nc6 38. Qg2 Nd4 39. Bxd4 cxd4 40. Rxd4 Re1+ 41. Ka2 Bc5 42. Rd3 Ka7 43. Bb3 Bb6 44. Rf3 Qe5 45. Rxf7 Rg1 46. Qxb7# 1-0

[Event "Titled Tuesday intern op 12th Dec Early"]
[Site "Chess.com INT"]
[Date "2023.12.12"]
[Round "3"]
[White "Valle Luis, Leo"]
[Black "Indjic, Aleksandar"]
[Result "0-1"]
[WhiteElo "2214"]
[BlackElo "2589"]
[PlyCount "82"]
[EventDate "2023.12.12"]
[EventType "swiss (blitz)"]
[EventRounds "11"]
[EventCountry "USA"]
[SourceTitle "CB51_2023"]
[SourceDate "2023.12.20"]
[SourceVersion "1"]
[SourceVersionDate "2023.12.20"]
[SourceQuality "1"]

1. e4 c5 2. Nf3 e6 3. d4 cxd4 4. Nxd4 a6 5. Bd3 Bc5 6. Nb3 Ba7 7. Qe2 Nc6 8. 0-0 d6 9. c4 Nf6 10. Nc3 0-0 11. Be3 Qe7 12. Bxa7 Rxa7 13. Rad1 b6 14. f4 Qc7 15. Kh1 Bb7 16. a3 Raa8 17. Qe3 Rfe8 18. Nd2 Nd7 19. Nf3 Rad8 20. b4 Ba8 21. Bb1 Nf8 22. Qd3 Qb8 23. Ng5 h6 24. Nf3 Ne7 25. f5 exf5 26. exf5 Nh7 27. Nd4 Nf6 28. Qg3 Nc6 29. Nd5 Kh7 30. Ne6 Rg8 31. Nxd8 Qxd8 32. Nxf6+ gxf6 33. Qxd6 Qc8 34. Qxf6 Ne5 35. Rd2 Qxc4 36. Re1 Qf4 37. Qxe5 Qxd2 38. f6+ Kh8 39. Qe2 Bxg2+ 40. Kg1 Bf3+ 41. Kf1 Bxe2+ 0-1

[Event "Titled Tuesday intern op 12th Dec Early"]
[Site "Chess.com INT"]
[Date "2023.12.12"]
[Round "7"]
[White "Valle Luis, Leo"]
[Black "Santos, Rafael Ventura Dos"]
[Result "0-1"]
[WhiteElo "2214"]
[BlackElo "2145"]
[PlyCount "100"]
[EventDate "2023.12.12"]
[EventType "swiss (blitz)"]
[EventRounds "11"]
[EventCountry "USA"]
[SourceTitle "CB51_2023"]
[SourceDate "2023.12.20"]
[SourceVersion "1"]
[SourceVersionDate "2023.12.20"]
[SourceQuality "1"]

1. e4 c5 2. Nf3 d6 3. d4 cxd4 4. Nxd4 Nf6 5. Nc3 a6 6. Bg5 Nbd7 7. Bc4 Qb6 8. Bb3 Qc5 9. Be3 Qc7 10. f4 Nc5 11. Qf3 e6 12. 0-0-0 b5 13. a3 Bb7 14. f5 e5 15. Nde2 Nxb3+ 16. cxb3 Bxe4 17. Qh3 Rc8 18. Rhe1 a5 19. b4 axb4 20. axb4 Qc4 21. g4 Qa2 22. Rf1 Qb1+ 23. Kd2 Qxb2+ 24. Ke1 Rxc3 25. Nxc3 Qxc3+ 26. Kf2 Bb7 27. g5 Ne4+ 28. Kg1 Be7 29. Rc1 Qxb4 30. f6 gxf6 31. Rc8+ Bxc8 32. Qxc8+ Bd8 33. Bb6 0-0 34. Bxd8 Qd4+ 35. Kg2 Qd2+ 36. Kg1 Nxg5 37. Qd7 Qe3+ 38. Kg2 Qe4+ 39. Kg3 Qe3+ 40. Kg2 Qe2+ 41. Rf2 Qe4+ 42. Kg3 Qg6 43. Rb2 Qd3+ 44. Kg2 Qf3+ 45. Kg1 Nh3+ 46. Qxh3 Qxh3 47. Bxf6 Qe3+ 48. Kh1 Qf3+ 49. Rg2+ Qxg2+ 50. Kxg2 Rc8 0-1